Statistics for Anions (SFUSD Chem Honors)

Click here to take the quiz!

General Stats

  • This quiz has been taken 41 times
    (38 since last reset)
  • The average score is 23 of 32

Answer Stats

HintAnswer% Correct
flourineF-1
100%
iodideI-1
100%
oxideO-2
100%
phosphatePO4-3
100%
selenideSe-2
100%
bromideBr-1
80%
acetateC2H3O2-1
80%
chlorideCl-1
80%
hypochloriteClO-1
80%
chloriteClO2-1
80%
chlorateClO3-1
80%
perchlorateClO4-1
80%
cyanideCN-1
80%
carbonateCO3-2
80%
hydrideH-1
80%
permanganateMnO4-1
80%
nitrideN-3
80%
nitrateNO3-1
80%
hydroxideOH-1
80%
phosphitePO3-3
80%
sulfideS-2
80%
sulfiteSO3-2
80%
sulateSO4-2
80%
bicarbonateHCO3-1
60%
peroxideO2-2
60%
arsenateAsO4-3
40%
dichromateCr2O7-2
40%
chromateCrO4-2
40%
thiocyanateSCN-1
40%
oxalateC2O4-2
20%
nitriteNO2-1
20%
thiosulfateS2O3-2
20%

Score Distribution

Percentile by Number Answered

Percent of People with Each Score

Your Score History

You have not taken this quiz since the last reset